LEADER 01057nam a2200265 u 4500 001 000000030473 003 CaOOAMICUS 005 20070226112030.0 008 970916s1975 fr u000 u fre u 035 $a10769507 040 $aPUL(R)$bita 100 1 $aHenninger, Joseph,$cS.V.D.$0(OLS)http://pul/name/14587 245 14$aLes fętes de printemps chez les sémites et la pâque israélite /$cpar Joseph Henninger, S.V.D. 260 $aParis :$bJ. Gabalda,$c1975. 300 $axxii, 241 p. ;$c25 cm 490 1 $aEtudes bibliques 500 $aIndici : p. [219]-241. 504 $a"Bibliographie" : p. [1]-22. 830 0$aEtudes bibliques.$0(OLS)http://pul/title/4591 850 $aPUL 852 $aPUL$W1$xSL Religione 1$y3$m5 G 72$j42105$nBK-PRI$b $qStampati$B42105$CPULBib$Z2$F42105 $H $81 941 1 $a8 961 $aINV: 44402 996 $6245$aLes fętes de printemps chez les sémites et la pâque israélite$9(OLS)http://pul/title/41862 996 $6260$aParis :$bJ. Gabalda$9(OLS)http://pul/publisher/48260 LEADER 01668nam a2200349 a 4500 001 000000155391 003 CaOOAMICUS 005 20161024095319.0 008 161024s2016 gw ae u000 u ger r 020 $a978-3-643-13405-9* 032 $aLibriCat 040 $aPUL$bita 082 04$a270.3 245 00$aGeist und Gestalt :$bMonastische Raumkonzepte als Ausdrucksformen religiöser Leitideen im Mittelalter /$cHrsg. von Jörg Sonntag ; unter Mitwirkung von Petrus Bsteh, Brigitte Proksch und Gert Melville. 260 $aMünster :$bLIT,$c©2016. 300 $aXI, 392 p. :$bill., piante ;$c24 cm. 490 1 $aVita regularis. Abhandlungen ;$v69 504 $aBibliografia in nota. 650 4$aMonachismo e ordini religiosi$yEvo medio.$0(OLS)http://pul/subject/12142 700 1 $aMelville, Gert.$0(OLS)http://pul/name/5056 700 1 $aSonntag, Jörg.$0(OLS)http://pul/name/87682 700 1 $aBsteh, Petrus.$0(OLS)http://pul/name/98952 700 1 $aProksch, Brigitte.$0(OLS)http://pul/name/98953 830 0$aVita regularis.$pAbhandlungen ;$v69.$0(OLS)http://pul/title/174050 850 $aPUL 852 $aPUL$W1$xSL Religione 3$y85$m270. 3 COLL 1.1.69$j178501$qDDC 21$B181689$CPULBib$Z2$F181689 $H128274 $81 941 1 $a9 996 $6020$a978-3-643-13405-9*$9(OLS)http://pul/number/161374 996 $6082$a270.3$9(OLS)http://pul/classification/2546 996 $6245$aGeist und Gestalt :$bMonastische Raumkonzepte als Ausdrucksformen religiöser Leitideen im Mittelalter$9(OLS)http://pul/title/195050 996 $6260$aMünster :$bLIT$9(OLS)http://pul/publisher/72107